<?xml version="1.0" encoding="UTF-8"?><marc:collection xmlns:marc="http://www.loc.gov/MARC21/slim">
  <marc:record>
    <marc:leader>00000nam  2200000za 4500</marc:leader>
    <marc:controlfield tag="001">9.850259</marc:controlfield>
    <marc:controlfield tag="003">CaOODSP</marc:controlfield>
    <marc:controlfield tag="005">20251103145025</marc:controlfield>
    <marc:controlfield tag="007">cr |||||||||||</marc:controlfield>
    <marc:controlfield tag="008">180118s2016    onca|||#ob   f000 0 fre d</marc:controlfield>
    <marc:datafield tag="040" ind1=" " ind2=" ">
      <marc:subfield code="a">CaOODSP</marc:subfield>
      <marc:subfield code="b">fre</marc:subfield>
    </marc:datafield>
    <marc:datafield tag="043" ind1=" " ind2=" ">
      <marc:subfield code="a">n-cn---</marc:subfield>
    </marc:datafield>
    <marc:datafield tag="086" ind1="1" ind2=" ">
      <marc:subfield code="a">J4-49/2016F-PDF</marc:subfield>
    </marc:datafield>
    <marc:datafield tag="245" ind1="0" ind2="0">
      <marc:subfield code="a">Exercice du droit de la famille au Canada </marc:subfield>
      <marc:subfield code="h">[ressource électronique] : </marc:subfield>
      <marc:subfield code="b">résultats d'un sondage mené auprès des participants au Colloque national sur le droit de la famille de 2016 / </marc:subfield>
      <marc:subfield code="c">Lorne D. Bertrand ... [et al.].</marc:subfield>
    </marc:datafield>
    <marc:datafield tag="260" ind1=" " ind2=" ">
      <marc:subfield code="a">[Ottawa] : </marc:subfield>
      <marc:subfield code="b">Ministère de la Justice Canada, </marc:subfield>
      <marc:subfield code="c">c2016.</marc:subfield>
    </marc:datafield>
    <marc:datafield tag="300" ind1=" " ind2=" ">
      <marc:subfield code="a">xix, 81, 27, 12 p.  : </marc:subfield>
      <marc:subfield code="b">ill. (en coul.)</marc:subfield>
    </marc:datafield>
    <marc:datafield tag="500" ind1=" " ind2=" ">
      <marc:subfield code="a">« Octobre 2016 ».</marc:subfield>
    </marc:datafield>
    <marc:datafield tag="500" ind1=" " ind2=" ">
      <marc:subfield code="a">Publié aussi en anglais sous le titre : The practice of family law in Canada: results from a survey of participants at the 2016 National Family Law Program.</marc:subfield>
    </marc:datafield>
    <marc:datafield tag="504" ind1=" " ind2=" ">
      <marc:subfield code="a">Comprend des réf. bibliogr.</marc:subfield>
    </marc:datafield>
    <marc:datafield tag="520" ind1="0" ind2=" ">
      <marc:subfield code="a">« Le Colloque national sur le droit de la famille (CNDF), événement biennal de premier plan d’une durée de quatre jours organisé par la Fédération des ordres professionnels de juristes du Canada, est la principale tribune nationale des juristes spécialistes du droit de la famille. Il permet aux juristes de se réunir pour en savoir plus sur les nouveautés et les enjeux liés au droit de la famille, et d’en discuter. ... Sachant que Justice Canada et l’Institut souhaitaient sonder les participants au CNDF de 2016, la Fédération a demandé aux deux entités de collaborer afin de maximiser le nombre de réponses tout en réduisant le fardeau des participants. Justice Canada a donc demandé à l’Institut de réaliser un sondage sur les enjeux actuels liés à la pratique du droit de la famille au Canada et d'en analyser les résultats. Deux sondages électroniques ont été créés — un pour les avocats et un pour les juges. Ces sondages visaient à obtenir des renseignements à jour sur le profil des dossiers gérés par les professionnels canadiens du droit de la famille, et à recueillir des renseignements auprès des avocats et des juges concernant les enjeux actuels du droit de la famille »--Résumé, p. ix.</marc:subfield>
    </marc:datafield>
    <marc:datafield tag="692" ind1="0" ind2="7">
      <marc:subfield code="2">gccst</marc:subfield>
      <marc:subfield code="a">Droit de la famille</marc:subfield>
    </marc:datafield>
    <marc:datafield tag="700" ind1="1" ind2=" ">
      <marc:subfield code="a">Bertrand, Lorne D. </marc:subfield>
      <marc:subfield code="q">(Lorne David), </marc:subfield>
      <marc:subfield code="d">1959-</marc:subfield>
    </marc:datafield>
    <marc:datafield tag="710" ind1="1" ind2=" ">
      <marc:subfield code="a">Canada. </marc:subfield>
      <marc:subfield code="b">Ministère de la justice.</marc:subfield>
    </marc:datafield>
    <marc:datafield tag="710" ind1="2" ind2=" ">
      <marc:subfield code="a">Institut canadien de recherche sur le droit et la famille.</marc:subfield>
    </marc:datafield>
    <marc:datafield tag="775" ind1="0" ind2="8">
      <marc:subfield code="t">The practice of family law in Canada </marc:subfield>
      <marc:subfield code="w">(CaOODSP)9.850248</marc:subfield>
    </marc:datafield>
    <marc:datafield tag="856" ind1="4" ind2="0">
      <marc:subfield code="q">PDF</marc:subfield>
      <marc:subfield code="s">1.28 Mo</marc:subfield>
      <marc:subfield code="u">https://publications.gc.ca/collections/collection_2018/jus/J4-49-2016-fra.pdf</marc:subfield>
    </marc:datafield>
  </marc:record>
</marc:collection>
